Basın haberlerinden öğrenilen devlet hataları (Record no. 3173)

MARC details
000 -BAŞLIK
Sabit Uzunlukta Kontrol Alanı 00624na a2200217 4500
001 - KONTROL NUMARASI
Denetim Alanı 16800
003 - KONTROL NUMARASI IDENTIFIER
Denetim Alanı MIRAKIL
005 - SON İŞLEM TARİHİ VE ZAMANI
Denetim Alanı 20181213154923.0
008 - SABİT-BOY VERİ ELEMANLARI - GENEL BİLGİLER
Sabit Uzunlukta Kontrol Alanı 161013b tu 000 0
040 ## - KATALOGLAMA KAYNAK
Orijinal Kataloglama Ajansı Milas
Kataloglama Dili tur
Metne Dönüştürmek Ajansı TR-AnCHP
041 ## - DİL KODU
Metin / Ses Parça Veya Ayrı Başlığın Dil Kodu tur
082 ## - DEWEY ONLU SINIFLANDIRMA NUMARASI
Sınıflandırma Numarası 351.99
Ürün Numarası D65b 2007
090 ## - SINIFLAMA NUMARASI
Sınıflama Numarası 351.99 D65b 2007
100 ## - ANA GİRİŞ - KİŞİSEL İSİM
Kişisel Ad Domaniç, Hayri
245 ## - BAŞLIK TABLOSU
Başlık Basın haberlerinden öğrenilen devlet hataları
Başlığın Kalan özet eleştiriler, temenniler
Sorumluluk Tablosu, Vb Hayri Domaniç
260 ## - YAYIN, DAĞITIM, VB
Yayın, Dağıtım, Vb Yeri İstanbul
Yayıncı, Dağıtıcı, Vs Adı Arıkan
Yayın, Dağıtım, Vb Tarihi 2007
300 ## - FİZİKSEL TANIM
Kapsam xxxv, 387 s.
Boyutlar 24 sm.
650 ## - KONU KATMA GİRİŞ - TOPİKAL DÖNEM
Topikal Süreli Veya Coğrafi Ad Giriş Elemanı Basın
Genel Alt Bölümü Haberler
650 ## - KONU KATMA GİRİŞ - TOPİKAL DÖNEM
Topikal Süreli Veya Coğrafi Ad Giriş Elemanı Devlet ve yönetim
Genel Alt Bölümü Haberler
942 ## - EKLENDİ GİRİŞ ELEMANLARI (KOHA)
Sınıflandırma Veya Raf Düzeni Kaynak Dewey Decimal Classification
Koha Öğesi Türü Books
999 ## - SİSTEM KONTROL NUMARALARI (KOHA)
Koha Biblionumber 3173
Koha Biblioitemnumber 3173
Holdings
Kalıcı Konum Mevcut Konum Edinme Tarihi Edinim Kaynak Toplam Check-Out'Lar Tam Çağrı Numarası Barkod Tarih Son Görülme İtibaren Geçerli Fiyatlar Koha Öğesi Türü Kopya Sayısı
CHP Kütüphanesi CHP Kütüphanesi 10/13/2016 Bağış   351.99 D65b 2007 005729 10/13/2016 10/13/2016 Books  
CHP Kütüphanesi CHP Kütüphanesi 11/10/2016 Bağış   351.99 D65b 2007 008583 11/10/2016 11/10/2016 Books k.2